PF 2002

Mimoriadna sekcia Trendu. Odpočet hospodárenia a plnenia programového vyhlásenia vlády M. Dzurindu. Prognózy na rok 2002. Novinky na trhu automobilov. Rok 2002 vo svete.

Gespeichert in:
Bibliographische Detailangaben
Format: Buchkapitel
Sprache:Slowakisch
Schlagworte:
Tags: Tag hinzufügen
Keine Tags, Fügen Sie das erste Tag hinzu!

MARC

LEADER 00000naa a2200000 4500
001 r043744
005 20230921112208.3
041 0 |a slo 
044 |a SK 
245 1 0 |a PF 2002 
520 |a Mimoriadna sekcia Trendu. Odpočet hospodárenia a plnenia programového vyhlásenia vlády M. Dzurindu. Prognózy na rok 2002. Novinky na trhu automobilov. Rok 2002 vo svete. 
610 2 0 |a hospodárenie finančné 
610 2 0 |a vláda 
610 2 0 |a Slovensko 
610 2 0 |a prognózy 
610 2 0 |a prognózy hospodárske 
610 2 0 |a automobily 
610 2 0 |a vývoj hospodársky 
610 2 0 |a svet 
610 2 0 |a 2002